Not a Horse - Statistics

General Stats
  • This quiz has been taken 29 times
  • The average score is 5 of 12
Answer Stats
Picture Hint Answer % Correct
Tabanidae Horse-fly
91%
Xiphosura Horseshoe Crab
87%
Hippocampus Seahorse
87%
Formica rufa Horse Ant
35%
Odocoileus hemionus Mule Deer
35%
Rhinolophidae Horseshoe Bat
30%
Stegostoma tigrinum Zebra Shark
30%
Dreissena polymorpha Zebra Mussel
26%
Salticus scenicus Zebra Spider
26%
Nematomorpha Horsehair Worm
22%
Gymnomuraena zebra Zebra Moray
22%
Armoracia rusticana Horseradish
17%
No matching quizzes found
Score Distribution
Percent of People with Each Score
Percentile by Number Answered
Your Score History
You have not taken this quiz